| 000 | nam a22 a 4500 | ||
|---|---|---|---|
| 999 |
_c3616 _d3616 |
||
| 005 | 20170523122015.0 | ||
| 008 | 170523b1969 -us||||| |||| 00| 0 eng d | ||
| 040 | _aAKMAL | ||
| 082 | 0 | 4 | _a658.87 DAL |
| 090 |
_a658.87 _bDAL |
||
| 100 | 1 |
_aDALRYMPLE, Douglas J., _97165 |
|
| 245 | 1 | 0 | _aRetailing: an economic view. |
| 260 |
_aNew York : _bFree Press ; |
||
| 260 |
_aLondon : _bCollier-Macmillan, _c[1969] |
||
| 300 |
_avii, 389 p. ; _c25cm |
||
| 500 | _aEach chapter includes a bibliography. | ||
| 700 | 1 |
_aThompson, Donald L. _97166 |
|
| 852 | 4 | 1 |
_aBritish Library _bHMNTS |
| 942 |
_2ddc _cBOOK |
||